| 000 | 03069cam a2200709 i 4500 | ||
|---|---|---|---|
| 999 |
_c5106 _d5106 |
||
| 001 | 21974335 | ||
| 003 | OSt | ||
| 005 | 20250618102123.0 | ||
| 008 | 210405t20212021nyua j 000 1 eng d | ||
| 010 | _a 2021936540 | ||
| 020 | _a9780008438708 | ||
| 035 | _a(OCoLC)on1253752393 | ||
| 040 |
_aYDX _beng _cYDX _dBDX _dJSE _dOI6 _dSDG _dOCLCO _dTP7 _dOCLCF _dOCLCO _dDLC _dKH8 |
||
| 042 | _alccopycat | ||
| 043 | _ae-uk-en | ||
| 082 | _aFIC WAL | ||
| 100 | 1 |
_aWalliams, David, _d1971- _eauthor. |
|
| 245 | 1 | 4 |
_aThe beast of Buckingham Palace / _cDavid Walliams. |
| 264 | 1 |
_aNew York, NY : _bHarper, an imprint of HarperCollinsPublishers, _c[2021] |
|
| 264 | 4 | _c©2021 | |
| 300 |
_a306 pages : _billustrations ; _c22 cm |
||
| 336 |
_atext _btxt _2rdacontent |
||
| 337 |
_aunmediated _bn _2rdamedia |
||
| 338 |
_avolume _bnc _2rdacarrier |
||
| 385 |
_nage _aChildren _2lcdgt |
||
| 520 |
_a"Prince Alfred has never left the safety of Buckingham Palace. But there are strange goings on inside the palace walls -- and Alfred's life is about to change forever. In the dead of night something terrible stalks the corridors. When Alfred's beloved mother the queen is dragged off... the boy must summon all his courage to embark on an epic quest to save her... and the entire world"-- _cProvided by publisher. |
||
| 521 | 1 | _aAges 8-12. | |
| 610 | 2 | 0 |
_aBuckingham Palace (London, England) _vJuvenile fiction. |
| 610 | 2 | 1 |
_aBuckingham Palace (London, England) _vFiction. |
| 610 | 2 | 6 |
_aBuckingham Palace (Londres, Angleterre) _vRomans, nouvelles, etc. pour la jeunesse. |
| 610 | 2 | 7 |
_aBuckingham Palace (London, England) _2fast _0(OCoLC)fst00631342 |
| 650 | 0 |
_aPrinces _vJuvenile fiction. |
|
| 650 | 0 |
_aQueens _vJuvenile fiction. |
|
| 650 | 0 |
_aMonsters _vJuvenile fiction. |
|
| 650 | 0 |
_aQuests (Expeditions) _vJuvenile fiction. |
|
| 650 | 1 |
_aPrinces _vFiction. |
|
| 650 | 1 |
_aKings, queens, rulers, etc. _vFiction. |
|
| 650 | 1 |
_aMonsters _vFiction. |
|
| 650 | 1 |
_aQuests (Expeditions) _vFiction. |
|
| 650 | 6 |
_aPrinces _vRomans, nouvelles, etc. pour la jeunesse. |
|
| 650 | 6 |
_aReines _vRomans, nouvelles, etc. pour la jeunesse. |
|
| 650 | 6 |
_aMonstres _vRomans, nouvelles, etc. pour la jeunesse. |
|
| 650 | 6 |
_aQuête _vRomans, nouvelles, etc. pour la jeunesse. |
|
| 650 | 7 |
_aMonsters. _2fast _0(OCoLC)fst01025752 |
|
| 650 | 7 |
_aPrinces. _2fast _0(OCoLC)fst01076481 |
|
| 650 | 7 |
_aQueens. _2fast _0(OCoLC)fst01085637 |
|
| 650 | 7 |
_aQuests (Expeditions) _2fast _0(OCoLC)fst01085708 |
|
| 651 | 0 |
_aEngland _vJuvenile fiction. |
|
| 651 | 1 |
_aEngland _vFiction. |
|
| 651 | 6 |
_aAngleterre _vRomans, nouvelles, etc. pour la jeunesse. |
|
| 651 | 7 |
_aEngland. _2fast _0(OCoLC)fst01219920 |
|
| 655 | 2 | _aFictional Work | |
| 655 | 7 |
_aFantasy fiction. _2fast _0(OCoLC)fst01726607 |
|
| 655 | 7 |
_aFiction. _2fast _0(OCoLC)fst01423787 |
|
| 655 | 7 |
_aJuvenile works. _2fast _0(OCoLC)fst01411637 |
|
| 655 | 7 |
_aFantasy fiction. _2gsafd |
|
| 655 | 7 |
_aFantasy fiction. _2lcgft |
|
| 655 | 7 |
_aFiction. _2lcgft |
|
| 655 | 7 |
_aRomans. _2rvmgf |
|
| 700 |
_aRoss, Tony, _eillustrator. |
||
| 942 |
_2ddc _cFIC |
||